000 01328nam a22003497ia4500
999 _c171014
_d171014
003 PPAK
005 20190131103702.0
008 190110t2015 cauao||j |||| 001 0 eng d
020 _cRM378.00
_qset
020 _a9781480746107
_cRM37.80
_qpaperback
040 _aPPAK
_beng
_cPPAK
_erda
082 0 4 _223
_a552
090 0 0 _a552
_bMAL
_dK
100 1 _aMaloof, Torrey,
_eauthor.
245 1 0 _aROCKS AND MINERALS /
_cTorrey Maloof
264 1 _aHuntington Beach, CA : T
_bTeacher Created Materials,
_c[2015]
264 4 _c ©2015
300 _a32 pages :
_bcolour photographs ;
_c23 cm
336 _2rdacontent
_atext
337 _2rdamedia
_aunmediated
338 _2rdacarrier
_avolume
490 1 _aEarth and Space Science
500 _aIncludes index
505 _aAlmost anywhere -- Rock types -- The rock cycle -- Rocking resources -- Let's do science!
520 _a"Earth is made up of different types of rock. There are three main types of rocks: igneous, sedimentary, and metamorphic. You have probably seen all of these different rocks--you just didn't know it!"-- Provided by publisher.
521 2 _aK to grade 3.
650 1 0 _aRocks
_vJuvenile literature
650 2 0 _aMinerals
_vJuvenile literature
650 2 0 _aPetrology
_vJuvenile literature
830 0 _aEarth and space science
942 _2ddc
_cB